Statistics for Failed States

Click here to take the quiz!

General Stats

  • This quiz has been taken 216 times
    (170 since last reset)
  • The average score is 14 of 20

Answer Stats

HintAnswer% Correct
112.6Somalia
90%
101.6Syria
87%
102.2Iraq
85%
105.4Afghanistan
83%
112.9South Sudan
82%
110.1Sudan
82%
108.7Chad
80%
106.5Yemen
79%
97.9Niger
78%
110.6Central African Republic
71%
110.2Democratic Republic of the Congo
69%
99.7Nigeria
65%
103.0Pakistan
63%
104.3Haiti
61%
97.9Ethiopia
60%
102.8Zimbabwe
58%
102.7Guinea
50%
100.6Guinea-Bissau
43%
99.0Kenya
43%
101.7Côte d'Ivoire
27%

Score Distribution

Percentile by Number Answered

Percent of People with Each Score

Your Score History

You have not taken this quiz since the last reset